000
00300nam a2200133Ia 4500
008
240624s9999 xx 000 0 und d
041
_a
eng
082
_a
823 PUZ
100
_a
PUZO MARIO
245
_a
GODFATHER
260
_c
1991
_a
London
_b
Arrow Books
300
_a
595 : p. : cm. ; 18
365
_c
RS
999
_c
3589
_d
3589